Online Catalogue and eLibrary

மறுபிறப்பு பற்றிய ஆச்சரியமான தகவல்கள் (Record no. 2)

MARC details
000 -LEADER
fixed length control field 00459nam a22001217a 4500
008 - FIXED-LENGTH DATA ELEMENTS--GENERAL INFORMATION
fixed length control field 220102b |||||||| |||| 00| 0 eng d
082 ## - DDC பகுப்பாக்கம்
DDC பதிப்பு எண் 22
100 ## - பிரதம பதிவு--ஆசிரியர் பெயர்
ஆசிரியர் பெயர் குருபாதம், எஸ்.
245 ## - தலைப்பு விபரம்
பிரதான தலைப்பு மறுபிறப்பு பற்றிய ஆச்சரியமான தகவல்கள்
260 ## - வெளியீட்டு விபரம்
வெளியீட்டிடம் சென்னை
வெளியீட்டாளர் மணிமேகலைப் பிரசுரம்
வெளியீட்டாண்டு 2012
300 ## - பெளதீக விபரம்
நீட்சி (e.g. தொகுதிகள, பக்கங்கள் போன்றவற்றின் விபரம் ) xii, 370 பக்கம்.
942 ## - நூல் வகை (இரவல் கட்டுப்பாடு)
நூல் வகை e-Video

No items available.

© WERC Library